000 00969cam a2200289 a 4500
001 2616984
003 OSt
005 20161110135950.0
008 980807s1999 enka b 001 0 eng c
010 _a 98040501
020 _a0521626706
040 _aDNLM/DLC
_cDLC
_dDLC
050 0 0 _aR852
_b.M87 1999
060 1 0 _aW 20
_bM984r 1999
082 0 0 _aW 20.5
_221
_bM96r 1999
100 1 _aMurrell, George; Huang, Christopher; Ellis, Harold
_d1960-
_93721
245 1 0 _aResearch in Medicine :
_bplanning a project, writing a thesis
250 _a2nd ed.
260 _bCambridge University Press,
_c1999.
300 _axii, 122 p. :
_bill. ;
_c22 cm.
504 _aIncludes bibliographical references and index.
650 0 _aMedical Research
_xResearch.
_93722
650 0 _aResearch writing
_93723
856 4 1 _3Sample text
_uhttp://www.loc.gov/catdir/samples/cam032/98040501.html
906 _a7
_bcbc
_corignew
_d1
_eocip
_f19
_gy-gencatlg
942 _2ddc
_cSLOAN
999 _c1410
_d1410